Wappen Europa Conference League Teams 2025/26 - Statistiken

Allgemein
  • Dieses Quiz wurde 110 mal gespielt
  • Das Durchschnittsergebnis liegt bei 18 aus 36
Antwortstatistiken
Bildquiz Antwort % Korrekt
1. FSV Mainz 04
99%
Crystal Palace
94%
AC Florenz
89%
Legia Warschau
86%
Slovan Bratislava
85%
Sparta Prag
85%
AZ Alkmaar
84%
Racing Straßburg
84%
Rapid Wien
84%
Dynamo Kiew
83%
Schachtar Donezk
83%
Rayo Vallecano
75%
AEK Athen
73%
BK Häcken
64%
FC Lausanne-Sport
63%
Lech Posen
63%
FC Aberdeen
59%
HNK Rijeka
48%
Shamrock Rovers
48%
Samsunspor
44%
Omonia Nikosia
38%
FC Noah
30%
Jagiellonia Bialystok
28%
Rakow Czestochowa
25%
AEK Larnaka
22%
CS Universitatea Craiova
22%
Lincoln Red Imps
22%
Sigma Olmütz
22%
Zrinjski Mostar
19%
Breidablik Kopavogur
18%
FC Drita
17%
Kuopion PS
17%
NK Celje
17%
Hamrun Spartans
15%
KF Shkendija
14%
FC Shelbourne
10%
Keine übereinstimmenden Quizze gefunden
Verteilung der Resultate
Anzahl Personen mit jedem Resultat
Perzentil nach korrekt beantworteten Fragen
Ihre Resultats-Entwicklung
Sie haben dieses Quiz noch nicht gespielt